[Event "Skopje op"]
[Site "Skopje"]
[Date "2023.12.10"]
[Round "7"]
[White "Anacak, Hasan Gunes"]
[Black "Aydemir, Umut"]
[Result "1-0"]
[WhiteElo "2059"]
[BlackElo "1722"]
[PlyCount "77"]
[EventDate "2023.12.06"]
[EventType "swiss"]
[EventRounds "9"]
[EventCountry "MKD"]
[SourceTitle "CB50_2023"]
[SourceDate "2023.12.13"]
[SourceVersion "1"]
[SourceVersionDate "2023.12.13"]
[SourceQuality "1"]

1. e4 Nf6 2. e5 Nd5 3. d4 d6 4. c4 Nb6 5. exd6 cxd6 6. Nc3 g6 7. Be3 Bg7 8. Bd3 Nc6 9. Nge2 0-0 10. b3 e5 11. d5 Nd4 12. 0-0 Nxe2+ 13. Bxe2 f5 14. f3 e4 15. Bd4 exf3 16. Bxf3 Nd7 17. Bxg7 Kxg7 18. Qd4+ Qf6 19. Qxf6+ Rxf6 20. Rae1 Ne5 21. c5 Nxf3+ 22. Rxf3 dxc5 23. Re8 Rf8 24. Rfe3 Rxe8 25. Rxe8 Kf7 26. Rh8 b6 27. Nb5 Kf6 28. Rxh7 f4 29. Nc7 Rb8 30. Rh8 Ke7 31. Nb5 a6 32. Na7 Kd7 33. h4 Ra8 34. Kf2 Kc7 35. Nxc8 Rxc8 36. Rxc8+ Kxc8 37. Kf3 a5 38. Kxf4 b5 39. Ke4 1-0

[Event "Skopje op"]
[Site "Skopje"]
[Date "2023.12.10"]
[Round "6"]
[White "Ivanovic, Marko"]
[Black "Anacak, Hasan Gunes"]
[Result "0-1"]
[WhiteElo "2302"]
[BlackElo "2059"]
[PlyCount "58"]
[EventDate "2023.12.06"]
[EventType "swiss"]
[EventRounds "9"]
[EventCountry "MKD"]
[SourceTitle "CB50_2023"]
[SourceDate "2023.12.13"]
[SourceVersion "1"]
[SourceVersionDate "2023.12.13"]
[SourceQuality "1"]

1. e4 c5 2. Nf3 Nc6 3. Nc3 g6 4. d4 cxd4 5. Nxd4 Bg7 6. Be3 Nf6 7. Bc4 0-0 8. Bb3 Re8 9. f4 d6 10. Qf3 Bd7 11. h3 Nxd4 12. Bxd4 Bc6 13. 0-0-0 b5 14. Qe3 b4 15. Nd5 Bxd5 16. exd5 Qd7 17. g4 a5 18. Qd3 Rec8 19. Kb1 a4 20. Bc4 Qc7 21. Bb5 Ra5 22. c4 a3 23. b3 Nxd5 24. Bxg7 Nxf4 25. Qd2 Kxg7 26. Qxb4 d5 27. Rhf1 Qe5 28. Rf2 Ne2 29. Rd2 Qe4+ 0-1

[Event "Skopje op"]
[Site "Skopje"]
[Date "2023.12.08"]
[Round "4"]
[White "Anacak, Hasan Gunes"]
[Black "Stoyanov, Stoyan Or"]
[Result "0-1"]
[WhiteElo "2059"]
[BlackElo "2320"]
[PlyCount "64"]
[EventDate "2023.12.06"]
[EventType "swiss"]
[EventRounds "9"]
[EventCountry "MKD"]
[SourceTitle "CB50_2023"]
[SourceDate "2023.12.13"]
[SourceVersion "1"]
[SourceVersionDate "2023.12.13"]
[SourceQuality "1"]

1. e4 d6 2. d4 Nf6 3. Nc3 Nbd7 4. g3 e5 5. Nge2 g6 6. Bg2 Bg7 7. 0-0 0-0 8. h3 c6 9. dxe5 dxe5 10. Be3 Qe7 11. Qe1 b5 12. a3 Bb7 13. f3 a6 14. Qf2 c5 15. Rad1 Rac8 16. Rd2 Bc6 17. Rfd1 b4 18. Na2 a5 19. h4 Ne8 20. c3 Ba4 21. b3 Bc6 22. cxb4 axb4 23. axb4 cxb4 24. f4 Nef6 25. f5 Ng4 26. Qf3 gxf5 27. Rxd7 Bxd7 28. exf5 Nxe3 29. Qxe3 Bxf5 30. Nd4 Bg4 31. Re1 Qa7 32. Nc6 Qxa2 0-1

[Event "Skopje op"]
[Site "Skopje"]
[Date "2023.12.08"]
[Round "3"]
[White "Simjanovski, Saso"]
[Black "Anacak, Hasan Gunes"]
[Result "0-1"]
[WhiteElo "2251"]
[BlackElo "2059"]
[PlyCount "86"]
[EventDate "2023.12.06"]
[EventType "swiss"]
[EventRounds "9"]
[EventCountry "MKD"]
[SourceTitle "CB50_2023"]
[SourceDate "2023.12.13"]
[SourceVersion "1"]
[SourceVersionDate "2023.12.13"]
[SourceQuality "1"]

1. Nf3 d5 2. g3 g6 3. Bg2 Bg7 4. d3 e5 5. Nbd2 Ne7 6. c4 c6 7. 0-0 0-0 8. Qb3 a5 9. cxd5 a4 10. Qa3 Nxd5 11. e4 Nc7 12. Nc4 Nb5 13. Qb4 Re8 14. Be3 Nd7 15. Rac1 Bf8 16. Qd2 c5 17. Bh6 f6 18. Bxf8 Nxf8 19. Ne3 b6 20. Nh4 Nc7 21. f4 exf4 22. gxf4 f5 23. Qf2 Rb8 24. exf5 Rxe3 25. Qxe3 Qxh4 26. Qe5 Qd8 27. d4 Bxf5 28. dxc5 bxc5 29. Rfd1 Nd7 30. Qd6 Rxb2 31. Rxc5 Rxg2+ 32. Kxg2 Qa8+ 33. Kg3 Nxc5 34. Qxc5 Ne6 35. Qe5 Qe4 36. Rd6 Qh1 37. Qe3 Qf1 38. Kh4 Qxf4+ 39. Qxf4 Nxf4 40. Rd4 g5+ 41. Kxg5 Ne6+ 42. Kxf5 Nxd4+ 43. Ke5 Nb5 0-1

[Event "Ayvalik Portakal"]
[Site "Ayvalik"]
[Date "2023.11.15"]
[Round "10"]
[White "Radlovacki, Jovan"]
[Black "Anacak, Hasan Gunes"]
[Result "1-0"]
[WhiteElo "2268"]
[BlackElo "2009"]
[PlyCount "35"]
[EventDate "2023.11.11"]
[EventType "schev"]
[EventRounds "10"]
[EventCountry "TUR"]
[SourceTitle "CB47_2023"]
[SourceDate "2023.11.22"]
[SourceVersion "1"]
[SourceVersionDate "2023.11.22"]
[SourceQuality "1"]
[WhiteTeam "Masters"]
[BlackTeam "Stars"]

1. d4 d5 2. Nf3 Nf6 3. Bf4 c5 4. e3 Nc6 5. Nc3 Bf5 6. dxc5 a6 7. Na4 Ne4 8. Nb6 e5 9. Nxe5 Bxc5 10. Nxa8 Bb4+ 11. Ke2 Nxe5 12. Bxe5 Qh4 13. g3 Bg4+ 14. f3 Bxf3+ 15. Kxf3 Nd2+ 16. Kf2 Qe4 17. c3 Qxe5 18. Qxd2 1-0

[Event "Ankara Baskent Univ op 6th"]
[Site "Ankara"]
[Date "2023.08.20"]
[Round "9"]
[White "Anacak, Hasan Gunes"]
[Black "Gurbanov, Ismayil"]
[Result "1/2-1/2"]
[WhiteElo "2067"]
[BlackElo "1985"]
[PlyCount "28"]
[EventDate "2023.08.15"]
[EventType "swiss"]
[EventRounds "9"]
[EventCountry "TUR"]
[SourceTitle "EXT 2024"]
[Source "ChessBase"]
[SourceDate "2023.10.10"]
[SourceVersion "1"]
[SourceVersionDate "2023.10.10"]
[SourceQuality "1"]

1. e4 c6 2. Nc3 g6 3. d4 Bg7 4. Nf3 d5 5. h3 dxe4 6. Nxe4 Nf6 7. Nxf6+ exf6 8. Be3 0-0 9. Qd2 Re8 10. Be2 Be6 11. 0-0 Bd5 12. Ne1 Qe7 13. c4 Be4 14. Bd1 Na6 1/2-1/2

[Event "Ankara Baskent Univ op 6th"]
[Site "Ankara"]
[Date "2023.08.16"]
[Round "2"]
[White "Anacak, Hasan Gunes"]
[Black "Ozsakallioglu, Okan"]
[Result "1/2-1/2"]
[WhiteElo "2067"]
[BlackElo "2326"]
[PlyCount "56"]
[EventDate "2023.08.15"]
[EventType "swiss"]
[EventRounds "9"]
[EventCountry "TUR"]
[SourceTitle "CBM 215 Extra"]
[Source "ChessBase"]
[SourceDate "2023.09.30"]
[SourceVersion "1"]
[SourceVersionDate "2023.09.30"]
[SourceQuality "1"]

1. e4 c5 2. Nf3 e6 3. d4 cxd4 4. Nxd4 Nc6 5. Nc3 Qc7 6. f4 a6 7. Nf3 b5 8. Bd3 Bb7 9. 0-0 Bc5+ 10. Kh1 d6 11. Qe2 Nd4 12. Nxd4 Bxd4 13. Nd1 Ne7 14. c3 Bc5 15. f5 Nc6 16. fxe6 fxe6 17. Qh5+ g6 18. Qh3 Qd7 19. Bg5 Rf8 20. Ne3 Bxe3 21. Qxe3 Ne5 22. Bc2 Rf7 23. Qh3 h5 24. Bf6 Rxf6 25. Rxf6 Ng4 26. Raf1 Nxf6 27. Rxf6 0-0-0 28. Qxe6 Re8 1/2-1/2

[Event "Paracin op 16th"]
[Site "Paracin"]
[Date "2023.07.08"]
[Round "3"]
[White "Anacak, Hasan Gunes"]
[Black "Teo, Hong Ming"]
[Result "0-1"]
[WhiteElo "2077"]
[BlackElo "1939"]
[PlyCount "61"]
[EventDate "2023.07.07"]
[EventType "swiss"]
[EventRounds "9"]
[EventCountry "SRB"]
[SourceTitle "EXT 2024"]
[Source "ChessBase"]
[SourceDate "2023.10.10"]
[SourceVersion "1"]
[SourceVersionDate "2023.10.10"]
[SourceQuality "1"]

1. e4 c6 2. d4 d5 3. exd5 cxd5 4. Bd3 Nf6 5. c3 Bg4 6. Ne2 e6 7. 0-0 Bd6 8. Qe1 0-0 9. f3 Bh5 10. Nf4 Bg6 11. Nxg6 hxg6 12. f4 Nc6 13. Nd2 Qc7 14. g3 Rab8 15. Qe2 a6 16. Nf3 Na5 17. Ne5 b5 18. Bd2 Nc6 19. Be1 Rfc8 20. Rc1 a5 21. g4 Nh7 22. Rf3 Nf8 23. Rh3 Be7 24. g5 Nxe5 25. dxe5 Bc5+ 26. Kh1 Ba7 27. Qg4 Qc6 28. Rc2 Nd7 29. Bf2 d4+ 30. Qf3 Qxf3+ 31. Rxf3 0-1

[Event "Vojvodina op 13th"]
[Site "Novi Sad"]
[Date "2023.07.02"]
[Round "5"]
[White "Vatsal, Singhania"]
[Black "Anacak, Hasan Gunes"]
[Result "1-0"]
[WhiteElo "2227"]
[BlackElo "2077"]
[PlyCount "55"]
[EventDate "2023.06.29"]
[EventType "swiss"]
[EventRounds "9"]
[EventCountry "SRB"]
[SourceTitle "CBM 215 Extra"]
[Source "ChessBase"]
[SourceDate "2023.09.30"]
[SourceVersion "1"]
[SourceVersionDate "2023.09.30"]
[SourceQuality "1"]

1. e4 c5 2. Nf3 d6 3. d4 cxd4 4. Nxd4 Nf6 5. Nc3 Nc6 6. Be2 g6 7. 0-0 Bg7 8. Nb3 0-0 9. Re1 b6 10. Bf1 Bb7 11. Bg5 Rc8 12. Nd5 e6 13. Nc3 a6 14. Qd2 b5 15. Rad1 Ne5 16. a3 Qb6 17. Qxd6 Qxd6 18. Rxd6 Rxc3 19. bxc3 Nxe4 20. Be7 Re8 21. Rd8 Rxd8 22. Bxd8 Nxc3 23. Nc5 Bd5 24. Nxa6 Nc6 25. Bb6 Na4 26. Be3 Bc3 27. Rb1 Bc4 28. Rxb5 1-0

[Event "Cesme op-A 9th"]
[Site "Cesme"]
[Date "2023.06.20"]
[Round "2"]
[White "Anacak, Hasan Gunes"]
[Black "Erten, Kerem"]
[Result "0-1"]
[WhiteElo "2001"]
[BlackElo "2199"]
[PlyCount "82"]
[EventDate "2023.06.19"]
[EventType "swiss"]
[EventRounds "9"]
[EventCountry "TUR"]
[SourceTitle "CBM 214 Extra"]
[Source "ChessBase"]
[SourceDate "2023.07.31"]
[SourceVersion "1"]
[SourceVersionDate "2023.07.31"]
[SourceQuality "1"]

1. e4 e5 2. Nf3 Nc6 3. Nc3 Nf6 4. a3 d5 5. Bb5 Nxe4 6. Qe2 Nxc3 7. Qxe5+ Qe7 8. dxc3 Bd7 9. Qxe7+ Bxe7 10. Bf4 0-0-0 11. 0-0-0 Bg4 12. Bxc6 bxc6 13. Rde1 Bd6 14. Bxd6 cxd6 15. Nd4 Bd7 16. Re7 Rhf8 17. Rhe1 c5 18. Nf3 Rde8 19. Ng5 Kd8 20. Rxe8+ Bxe8 21. h4 h6 22. Nh3 Bc6 23. h5 Kd7 24. Nf4 Rg8 25. f3 Re8 26. Rxe8 Kxe8 27. Kd2 Ke7 28. Ke3 Kf6 29. Nh3 Ke5 30. g4 d4+ 31. cxd4+ cxd4+ 32. Kf2 a5 33. Kg3 d3 34. cxd3 Kd4 35. Nf2 Ke3 36. Ne4 a4 37. g5 hxg5 38. Kg4 f6 39. Kg3 Kd4 40. Kg4 Ke5 41. Kg3 f5 0-1

[Event "TUR-ch U13/18"]
[Site "Antalya"]
[Date "2023.01.27"]
[Round "9"]
[White "Acar, Kaan"]
[Black "Anacak, Hasan Gunes"]
[Result "0-1"]
[WhiteElo "1684"]
[BlackElo "1898"]
[PlyCount "70"]
[EventDate "2023.01.17"]
[EventType "swiss"]
[EventRounds "10"]
[EventCountry "TUR"]
[SourceTitle "EXT 2024"]
[Source "ChessBase"]
[SourceDate "2023.10.10"]
[SourceVersion "1"]
[SourceVersionDate "2023.10.10"]
[SourceQuality "1"]

1. e4 c5 2. Nf3 d6 3. d4 cxd4 4. Nxd4 Nf6 5. Nc3 Nc6 6. Bg5 e6 7. Qd2 a6 8. 0-0-0 Bd7 9. f3 Nxd4 10. Qxd4 Be7 11. h4 h6 12. Be3 h5 13. Bg5 Qc7 14. Kb1 b5 15. Bd3 b4 16. Ne2 a5 17. Qc4 Qb6 18. Qd4 Qc7 19. Qc4 Qb7 20. Ng3 a4 21. Rhe1 Ra5 22. e5 Rc5 23. Qd4 Rd5 24. Qf4 dxe5 25. Rxe5 Bd6 26. Bxf6 gxf6 27. Ne4 Bxe5 28. Nxf6+ Bxf6 29. Qxf6 Rg8 30. Re1 Qc7 31. Bh7 Qg3 32. Rc1 Qg7 33. Qf4 Qxh7 34. Qb8+ Ke7 35. Qxb4+ Kf6 0-1

[Event "TUR-ch U13/18"]
[Site "Antalya"]
[Date "2023.01.24"]
[Round "5"]
[White "Anacak, Hasan Gunes"]
[Black "Yildirim, Kemal"]
[Result "1-0"]
[WhiteElo "1898"]
[BlackElo "1804"]
[PlyCount "77"]
[EventDate "2023.01.17"]
[EventType "swiss"]
[EventRounds "10"]
[EventCountry "TUR"]
[SourceTitle "EXT 2024"]
[Source "ChessBase"]
[SourceDate "2023.10.10"]
[SourceVersion "1"]
[SourceVersionDate "2023.10.10"]
[SourceQuality "1"]

1. e4 e6 2. d4 d5 3. Nc3 Nf6 4. e5 Nfd7 5. f4 c5 6. Nf3 Nc6 7. Be3 cxd4 8. Nxd4 Qb6 9. Qd2 Qxb2 10. Rb1 Qa3 11. Bb5 Nxd4 12. Bxd4 a6 13. Bxd7+ Bxd7 14. Rb3 Qe7 15. Rxb7 Qd8 16. Bb6 Qc8 17. Rc7 Qd8 18. Qd4 Ba3 19. Nb1 Be7 20. Rb7 Qc8 21. Rc7 Qd8 22. Rf1 0-0 23. c4 Qe8 24. cxd5 exd5 25. Nc3 Bb5 26. Rf3 Bc4 27. Kf2 Rb8 28. Bc5 Bxc5 29. Rxc5 Rb2+ 30. Kg1 Qb8 31. h3 Bxa2 32. Rg3 Rb4 33. Qf2 Rb2 34. Qd4 Rb4 35. Qf2 Rb2 36. Qe3 Rd8 37. f5 Qb6 38. Na4 Rb1+ 39. Kh2 1-0

[Event "EU-ch U16 30th"]
[Site "Antalya"]
[Date "2022.11.06"]
[Round "1"]
[White "Anacak, Hasan Gunes"]
[Black "Tarhan, Adar"]
[Result "1/2-1/2"]
[WhiteElo "1992"]
[BlackElo "2312"]
[PlyCount "46"]
[EventDate "2022.11.06"]
[EventType "swiss"]
[EventRounds "9"]
[EventCountry "TUR"]
[SourceTitle "EXT 2024"]
[Source "ChessBase"]
[SourceDate "2023.10.10"]
[SourceVersion "1"]
[SourceVersionDate "2023.10.10"]
[SourceQuality "1"]

1. e4 e5 2. Nf3 Nc6 3. Nc3 Nf6 4. a3 d5 5. Bb5 Nxe4 6. Qe2 Nxc3 7. Qxe5+ Be7 8. Bxc6+ bxc6 9. Qxc3 0-0 10. d4 c5 11. dxc5 Bf6 12. Nd4 Bf5 13. Be3 Bxd4 14. Qxd4 Bxc2 15. 0-0 c6 16. Qc3 Bg6 17. Bd4 f6 18. Rfe1 Qd7 19. Re3 Rfe8 20. Rae1 Rxe3 21. Rxe3 Rb8 22. f3 h5 23. Qe1 Re8 1/2-1/2

[Event "Paracin op-A 15th"]
[Site "Paracin"]
[Date "2022.07.08"]
[Round "1"]
[White "Anacak, Hasan Gunes"]
[Black "Ojas, Kulkarni"]
[Result "0-1"]
[WhiteElo "1939"]
[BlackElo "2244"]
[PlyCount "74"]
[EventDate "2022.07.08"]
[EventType "swiss"]
[EventRounds "9"]
[EventCountry "SRB"]
[SourceTitle "EXT 2023"]
[Source "ChessBase"]
[SourceDate "2022.10.05"]
[SourceVersion "1"]
[SourceVersionDate "2022.10.05"]
[SourceQuality "1"]

1. e4 Nf6 2. e5 Nd5 3. Nc3 Nxc3 4. bxc3 d5 5. d4 c5 6. Nf3 Nc6 7. Be2 Bg4 8. Rb1 Rb8 9. e6 Bxe6 10. Bf4 Ra8 11. Rxb7 c4 12. Qb1 Bd7 13. Bxc4 dxc4 14. d5 f6 15. dxc6 Bxc6 16. Rc7 Rb8 17. Qxb8 Qxb8 18. Rxe7+ Bxe7 19. Bxb8 Kf7 20. Bxa7 Ra8 21. Be3 Rxa2 22. Kd2 Be4 23. Ne1 h5 24. f3 Bf5 25. Rf1 g5 26. Rf2 Kg6 27. f4 g4 28. g3 Be4 29. f5+ Bxf5 30. Rf4 Be6 31. Ng2 Kf7 32. Nh4 Ra1 33. Nf5 Bxf5 34. Rxf5 Kg6 35. Rf2 f5 36. Bf4 Ba3 37. Ke3 Bc5+ 0-1

[Event "TUR Cup"]
[Site "Adapazari"]
[Date "2022.03.25"]
[Round "1"]
[White "Akdeniz, Samet"]
[Black "Anacak, Hasan Gunes"]
[Result "0-1"]
[WhiteElo "1027"]
[BlackElo "1845"]
[PlyCount "74"]
[EventDate "2022.03.25"]
[EventType "swiss"]
[EventRounds "11"]
[EventCountry "TUR"]
[SourceTitle "EXT 2023"]
[Source "ChessBase"]
[SourceDate "2022.10.05"]
[SourceVersion "1"]
[SourceVersionDate "2022.10.05"]
[SourceQuality "1"]

1. d4 d5 2. c4 c6 3. Nc3 Nf6 4. Bg5 dxc4 5. e4 b5 6. Be2 Nbd7 7. e5 b4 8. exf6 exf6 9. Be3 bxc3 10. bxc3 Nb6 11. Bf3 Bb7 12. Ne2 Bd6 13. 0-0 Qc7 14. h3 0-0 15. Rb1 Rfd8 16. a4 Nd5 17. Qd2 Bc8 18. Qa2 Bf5 19. Qxc4 Bxb1 20. Rxb1 Rac8 21. Kf1 Nb6 22. Qa2 Rb8 23. Bc1 Nd7 24. c4 c5 25. d5 Rxb1 26. Qxb1 Ne5 27. Qc2 Nxf3 28. gxf3 Rb8 29. Nc3 Qd7 30. Kg2 f5 31. Nb5 Be5 32. f4 Bf6 33. Be3 a6 34. Na3 Rb2 35. Qd1 Qe7 36. d6 Qxe3 37. Nc2 Qe4+ 0-1

[Event "Mersin op 5th"]
[Site "Mersin"]
[Date "2021.11.21"]
[Round "9"]
[White "Owlad, Ehsan"]
[Black "Anacak, Hasan Gunes"]
[Result "0-1"]
[WhiteElo "1972"]
[BlackElo "1736"]
[PlyCount "62"]
[EventDate "2021.11.16"]
[EventType "swiss"]
[EventRounds "9"]
[EventCountry "TUR"]
[SourceTitle "EXT 2023"]
[Source "ChessBase"]
[SourceDate "2022.10.05"]
[SourceVersion "1"]
[SourceVersionDate "2022.10.05"]
[SourceQuality "1"]

1. d4 d5 2. Nf3 Nf6 3. Bf4 c5 4. dxc5 e6 5. e3 Bxc5 6. Nbd2 Nc6 7. c3 0-0 8. Qc2 Re8 9. Bb5 Bd7 10. 0-0 a6 11. Be2 e5 12. Bg5 e4 13. Nd4 h6 14. Bh4 g5 15. Bg3 Bg4 16. Nxc6 bxc6 17. Nb3 Bd6 18. c4 Bxe2 19. Qxe2 dxc4 20. Qxc4 Bxg3 21. hxg3 Qd5 22. Rac1 Rec8 23. Nd4 c5 24. Nb3 Qf5 25. Nxc5 Rc6 26. b4 Rac8 27. Rc2 Ng4 28. Rd2 Rf6 29. Qxe4 Rxc5 30. Qe8+ Kg7 31. Rd8 Qxf2+ 0-1

[Event "Kirsehir Ahilik op"]
[Site "Kirsehir"]
[Date "2021.09.16"]
[Round "5"]
[White "Anacak, Hasan Gunes"]
[Black "Yigit, Ahmet Yasir"]
[Result "0-1"]
[WhiteElo "1643"]
[BlackElo "1960"]
[PlyCount "48"]
[EventDate "2021.09.13"]
[EventType "swiss"]
[EventRounds "9"]
[EventCountry "TUR"]
[SourceTitle "CBM 204 Extra"]
[Source "ChessBase"]
[SourceDate "2021.11.30"]
[SourceVersion "1"]
[SourceVersionDate "2021.11.30"]
[SourceQuality "1"]

1. e4 c5 2. Nf3 g6 3. d4 cxd4 4. Nxd4 Nf6 5. Nc3 Nc6 6. Be3 Bg7 7. f3 0-0 8. Bc4 Qb6 9. Ncb5 a6 10. Nf5 Qd8 11. Nxg7 axb5 12. Bh6 bxc4 13. Qd2 d5 14. Nf5 dxe4 15. Bxf8 Qxd2+ 16. Kxd2 Kxf8 17. Ne3 exf3 18. Nxc4 fxg2 19. Rhg1 Bh3 20. c3 Nd5 21. a3 f5 22. Rae1 f4 23. Ke2 b5 24. Nd2 Ne5 0-1

[Event "TUR Cup"]
[Site "Antalya"]
[Date "2020.01.30"]
[Round "7"]
[White "Anacak, Hasan Gunes"]
[Black "Seb, Ozgur"]
[Result "1-0"]
[WhiteElo "1677"]
[BlackElo "1573"]
[PlyCount "83"]
[EventDate "2020.01.26"]
[EventType "swiss"]
[EventRounds "11"]
[EventCountry "TUR"]
[SourceTitle "CBM 194 Extra"]
[Source "ChessBase"]
[SourceDate "2020.03.31"]
[SourceVersion "1"]
[SourceVersionDate "2020.03.31"]
[SourceQuality "1"]

1. e4 c6 2. d4 d6 3. Nc3 g6 4. f4 Bg7 5. Be3 Nf6 6. Nf3 0-0 7. Bd3 b5 8. Qd2 Ng4 9. Bg1 e5 10. dxe5 dxe5 11. h3 Nf6 12. Nxe5 Nfd7 13. Nxd7 Nxd7 14. e5 Re8 15. 0-0-0 Qa5 16. Kb1 Rb8 17. Ne4 b4 18. Nd6 Rf8 19. Nc4 Qc7 20. h4 a5 21. h5 a4 22. hxg6 fxg6 23. Nd6 Nb6 24. Bxb6 Rxb6 25. Bc4+ Kh8 26. Nf7+ Rxf7 27. Bxf7 Qxf7 28. Qd8+ Bf8 29. Qxb6 b3 30. cxb3 a3 31. Qxc6 Bf5+ 32. Ka1 axb2+ 33. Kxb2 Be7 34. Rhf1 h5 35. a4 Be6 36. Qb5 Qf8 37. a5 Qa8 38. Rd2 Qc8 39. a6 Bc5 40. Qb7 Qf8 41. a7 Ba3+ 42. Ka2 1-0

[Event "TUR Cup"]
[Site "Antalya"]
[Date "2020.01.29"]
[Round "6"]
[White "Alexanian, Nelli"]
[Black "Anacak, Hasan Gunes"]
[Result "1-0"]
[WhiteElo "2012"]
[BlackElo "1677"]
[PlyCount "71"]
[EventDate "2020.01.26"]
[EventType "swiss"]
[EventRounds "11"]
[EventCountry "TUR"]
[SourceTitle "CBM 194 Extra"]
[Source "ChessBase"]
[SourceDate "2020.03.31"]
[SourceVersion "1"]
[SourceVersionDate "2020.03.31"]
[SourceQuality "1"]

1. d4 Nf6 2. c4 g6 3. Nc3 d5 4. cxd5 Nxd5 5. e4 Nxc3 6. bxc3 Bg7 7. Bc4 c5 8. Ne2 0-0 9. 0-0 Nc6 10. Be3 cxd4 11. cxd4 Na5 12. Bd3 Be6 13. d5 Bxa1 14. Qxa1 Bd7 15. Bh6 f6 16. Bxf8 Qxf8 17. Qd4 b6 18. f4 Rc8 19. e5 Rc5 20. Nc3 f5 21. Re1 Qd8 22. Ne2 Be8 23. Rd1 Bf7 24. e6 Be8 25. Bb1 Nb7 26. g4 fxg4 27. f5 Bb5 28. fxg6 h6 29. Qf4 Qf8 30. Qf7+ Qxf7 31. exf7+ Kf8 32. Nd4 Bd7 33. Rf1 Rc8 34. Bf5 Bxf5 35. Nxf5 Rc7 36. Nxe7 1-0